000 00475nam a2200169Ia 4500
003 LK-CoDNM
008 010623t1914 xxu||||| |||| 00| 1 sin d
040 _aLK-CoDNM
_dLK-CoDNM
_eLK-CoDNM
041 _asin
080 _a104 I.4
100 _aPerera,M.G.
_eed.
245 _aනිමීෂියස් හෙවත් අන්ධවූ ක්ලෝඩියා
246 _aNemesius
260 _bK.Loran's perera
_aColombo
_c1914
300 _b70p., 21 cm
942 _cBK
999 _c88185
_d88185